00883nam a22001817a 4500008004400000082001500044100002200059245003300081250001100114260004300125300001100168500040400179653002500583653003100608653001700639653002100656653002400677160910s1992 be||||| |||| 00| 0 eng d04a708bM212m1 aMagritte, René.10aMagritte /cRené Magritte. a1a ed. aBélgica :bSouth Bank Centre,c1992. a320 p. aCatálogo publicado con motivo a la exhibición "Magritte", presentada en: -The Hayward Gallery en Londres, del 21 de mayo al 2 de agosto de 1992. -The Metropolitan Museum of Art en Nueva York, del 9 de setiembre al 22 de noviembre de 1992. -The Menil Collection en Houston, del 15 de diciembre de 1992al 21 de febrero de 1993. -The Art Institute of Chicago, del 16 de marzo al 30 de mayo de 1993.10aArte contemporáneo10aCatálogo de exhibición10aExhibiciones10aArte surrealista10aPintura surrealista